Never at reft : A biography of Isaac Newton

Shranjeno v:
Bibliografske podrobnosti
Glavni avtor: Westfall, Richard S.
Format: Knjiga
Jezik:Undetermined
Izdano: Cambridge Cambridge University press 1980
Teme:
Oznake: Označite
Brez oznak, prvi označite!
Thư viện lưu trữ: Trung tâm Học liệu Trường Đại học Cần Thơ
LEADER 00534nam a2200193Ia 4500
001 CTU_81492
008 210402s9999 xx 000 0 und d
082 |a 509 
082 |b W516 
100 |a Westfall, Richard S. 
245 0 |a Never at reft : 
245 2 |b A biography of Isaac Newton 
245 0 |c Richard S. Westfall 
260 |a Cambridge 
260 |b Cambridge University press 
260 |c 1980 
650 |a Biography,Newton, isaac 
904 |i Trọng Hải 
980 |a Trung tâm Học liệu Trường Đại học Cần Thơ